=LDR 00000nam 2200000 4500 =001 INLIS000000000020045 =005 20200928110124 =035 ##$$a 0010-061300000020045 =008 200928################g##########0#ind## =041 ##$$a Ind =082 ##$$a 302.2 =090 ##$$a 306.8, Kun k =100 ##$$a Kuntaraf, Kaahleen H. Lewijaya =245 1#$$a Komunikasi keluarga, kunci kebahagiaan anda /$c Kathleen H. Liwijaya Kuntaraf, Jonathan Kuntaraf =260 ##$$a Jakarta :$b Indonesia Publishing House,$c 1999 =300 ##$$a vii, 280 hlm, : $b ilus. ; $c 23 x 17 cm. =650 #4$$a Komunikasi =700 #$$a Manulang, Jahotuer F =850 ##$$a NBPNMAT =020 ##$$a 979-534-122-3 =084 ##$$a 302.2 KUN k =990 ##$$a 20613907 =990 ##$$a 20613904 =990 ##$$a 20613905 =990 ##$$a 2033449 =990 ##$$a 20613907 =990 ##$$a 20613904 =990 ##$$a 20613905 =990 ##$$a 2033449 =990 ##$$a 20613905 =990 ##$$a 20613907 =990 ##$$a 20613904 =990 ##$$a 2033449